LEADER 01093nam0 2200253 450 001 000041909 005 20160201112940.0 100 $a20151116d2008----km-y0itaa50------ba 101 0 $aita 102 $aIT 200 1 $a<> satira e la dottrina nella curia del cardinale Benedetto Caetani$ela Reprobatio sermonis de nemine di Stefano di San Giorgio 210 $a[S. l.$cs. n.$d2008?] 215 $a24 p.$d24 cm. 305 $aEstratto da: Rivista di storia della Chiesa in Italia, 62/1, Pubblicazioni dell'Univesità Cattolica del Sacro Cuore, Vita e Pensiero Università, 2008 700 1$aDelle Donne,$bFulvio$0170631 801 0$aIT$bUniversità della Basilicata - B.I.A.$gREICAT$2unimarc 912 $a000041909 996 $aSatira e la dottrina nella curia del cardinale Benedetto Caetani$91531280 997 $aUNIBAS BAS $aLETTERE CAT $aSTD108$b01$c20151116$lBAS01$h1124 CAT $aMDL$b30$c20160201$lBAS01$h1129 FMT Z30 -1$lBAS01$LBAS01$mBOOK$1BASA1$APolo Storico-Umanistico$2GEN$BCollezione generale$6114360$5L114360$820151116$f02$FPrestabile Generale LEADER 01736nam 2200493Ka 450 001 9910695063303321 005 20060421122328.0 035 $a(CKB)5470000002366086 035 $a(OCoLC)67292285 035 $a(EXLCZ)995470000002366086 100 $a20060421d2000 ua 0 101 0 $aeng 181 $ctxt$2rdacontent 182 $cc$2rdamedia 183 $acr$2rdacarrier 200 10$aBOREAS RSS-19 1996 CASI at-sensor radiance and reflectance images$b[electronic resource] /$fJohn Miller, Jim Freemantle 210 1$aGreenbelt, Md. :$cNational Aeronautics and Space Administration, Goddard Space Flight Center,$d[2000] 215 $a1 volume $cdigital, PDF file 225 1 $aTechnical report series on the Boreal Ecosystem-Atmosphere Study (BOREAS) ;$v76 225 1 $aNASA/TM ;$v2000-209891, v. 76 300 $aTitle from title screen (viewed on April 21, 2006). 300 $a"August 2000." 320 $aIncludes bibliographical references. 606 $aBidirectional reflectance$2nasat 606 $aBiochemistry$2nasat 606 $aData acquisition$2nasat 606 $aOptical measuring instruments$2nasat 606 $aReflectance$2nasat 606 $aSpectra$2nasat 615 7$aBidirectional reflectance. 615 7$aBiochemistry. 615 7$aData acquisition. 615 7$aOptical measuring instruments. 615 7$aReflectance. 615 7$aSpectra. 700 $aMiller$b John$0348190 701 $aFreemantle$b Jim$01383662 712 02$aGoddard Space Flight Center. 801 0$bGPO 801 1$bGPO 906 $aBOOK 912 $a9910695063303321 996 $aBOREAS RSS-19 1996 CASI at-sensor radiance and reflectance images$93428778 997 $aUNINA